| 000 | 00000nas##2200000za#4500 |
| 001 | 9.506982 |
| 003 | CaOODSP |
| 005 | 20210705115226 |
| 007 | cr ||||||||||| |
| 008 | 150406c2002||||xxc|| p o||||f| |0eng|d |
| 022 | |a1711-5000 |
| 040 | |aCaOODSP|beng |
| 043 | |an-cn--- |
| 086 | 1 |aH115-5E-PDF |
| 110 | 1 |aCanada. |bCanadian Institute for Health Information. |
| 245 | 10|aNational Trauma Registry ... report, hospital injury admissions |h[electronic resource] |
| 260 | |aOttawa - Ontario : |bCanadian Institute for Health Information |
| 310 | |aAnnual |
| 362 | 1 |a[2002 (1999/2000 data) - 2003 (2000-2001 data)] |
| 785 | 00|tNational Trauma Registry ... report, injury hospitalizations (includes ... data) |w(CaOODSP)9.506981 |